Nalaganje...

Journeys to empire : enlightenment, imperialism, and the british encounter with Tibet, 1774-1904

Bibliografske podrobnosti
Glavni avtor: Gordon T Stewart
Format: Printed Book
Izdano: Cambridge Cambridge University Press 2009
Teme:
LEADER 00816nam a22002171a 4500
020 |a 9780521761338  |c 0.00 
040 |a SSUS - Library - Kalady 
082 |a 327.410 51  |b GOR/J 
100 |a Gordon T Stewart 
245 |a Journeys to empire : enlightenment, imperialism, and the british encounter with Tibet, 1774-1904  |h [Text] 
260 |a Cambridge  |b Cambridge University Press  |c 2009 
300 |a 280p. 
600 |a Foreign Relations Britain Tibet 
600 |a Foreign Relation 
600 |a International Relations 
600 |a Political Science 
600 |a Social Sciences 
852 |h 327.410 51  |i GOR/J  |p 066769  |9 895.00  |t 0 
942 |c BK 
999 |c 21960  |d 21960 
952 |0 0  |1 0  |4 0  |6 327_410000000000000_51_GOR_J  |7 0  |9 30808  |a SSUS  |b SSUS  |d 2015-01-08  |g 895.00  |o 327.410 51 GOR/J  |p 066769  |r 2015-01-08  |v 0.00  |w 2015-01-08  |y BK